Catálogo

HISTORIA DE LAS RELIGIONES : (Registro nro. 37475)

Detalles MARC
000 -LEADER
fixed length control field 00425nam a2200157 a 4500
001 - CONTROL NUMBER
control field 37475
005 - DATE AND TIME OF LATEST TRANSACTION
control field 20180714010427.0
008 - FIXED-LENGTH DATA ELEMENTS--GENERAL INFORMATION
fixed length control field 140415s1970 sp 000 0 spa d
041 ## - LANGUAGE CODE
Language code of text/sound track or separate title spa
082 ## - DEWEY DECIMAL CLASSIFICATION NUMBER
Classification number 299.09
Item number HIS
245 00 - TITLE STATEMENT
Title HISTORIA DE LAS RELIGIONES :
Remainder of title CONFERENCIAS
250 ## - EDITION STATEMENT
Edition statement 1a ed.
260 ## - PUBLICATION, DISTRIBUTION, ETC.
Place of publication, distribution, etc. ESPAÑA :
Name of publisher, distributor, etc. EDICIONES CULTURA HISPANICA,
Date of publication, distribution, etc. 1970
300 ## - PHYSICAL DESCRIPTION
Extent 176
650 14 - SUBJECT ADDED ENTRY--TOPICAL TERM
Topical term or geographic name entry element RELIGIONES
General subdivision HISTORIA
Existencias
Withdrawn status Lost status Source of classification or shelving scheme Damaged status Not for loan Collection code Home library Current library Shelving location Date acquired Source of acquisition Inventory number Total Checkouts Full call number Barcode Date last seen Date last checked out Price effective from Koha item type
    Dewey Decimal Classification     General Biblioteca Karol Wojtyla Biblioteca Karol Wojtyla Sala general 03/12/2013 Compra 151000000000000000058211 1 299.09 HIS 5634 05/01/2026 23/02/2023 03/12/2013 Libro